[Event "World ol U16"]
[White "Ding, Dao En"]
[Black "Schonken, Christina"]
[Site "Corum"]
[Round "9.20"]
[Result "1/2-1/2"]
[Date "2019.11.05"]
[WhiteElo "1731"]
[BlackElo "1166"]
[PlyCount "105"]
[EventDate "2019.10.29"]
[EventType "team-swiss"]
[EventRounds "9"]
[EventCountry "TUR"]
[SourceTitle "CBM 192 Extra"]
[Source "Chessbase"]
[SourceDate "2019.11.06"]
[SourceVersion "1"]
[SourceVersionDate "2019.11.06"]
[SourceQuality "1"]
[WhiteTeam "Malaysia II"]
[BlackTeam "South Africa II"]
[WhiteTeamCountry "MAS"]
[BlackTeamCountry "RSA"]

1. d4 d5 2. Nf3 Nf6 3. Bf4 e6 4. e3 Be7 5. h3 Nbd7 6. Bd3 b6 7. Nbd2 Bb7 8. 0-0 0-0 9. c3 c5 10. Bc2 cxd4 11. exd4 Rc8 12. Ne5 Nxe5 13. dxe5 Nd7 14. Qg4 g6 15. Nf3 Nc5 16. Bh6 Re8 17. Ng5 Bxg5 18. Bxg5 Qc7 19. Bf6 Nd7 20. Qg5 Nxf6 21. exf6 Qd8 22. h4 h6 23. Qe5 Qc7 24. Qe3 Qd8 25. Qf3 Rf8 26. h5 Ba8 27. Rae1 d4 28. Qh3 Qxf6 29. hxg6 Bd5 30. Rd1 dxc3 31. gxf7+ Qxf7 32. Rd3 Qf6 33. Rg3+ Kf7 34. Rg6 Qe5 35. Rxh6 Rh8 36. Bg6+ Ke7 37. Qh4+ Kd7 38. Rh7+ Rxh7 39. Qxh7+ Kd6 40. Qxa7 Rh8 41. Bh7 Qh5 42. Qxb6+ Bc6 43. Qd4+ Qd5 44. Qxd5+ Bxd5 45. Bb1 cxb2 46. Rd1 Kc5 47. f3 Rb8 48. Kf2 Ra8 49. Rd2 Rb8 50. Rd1 Ra8 51. Rd2 Rb8 52. Rd1 Ra8 53. Rd2 1/2-1/2

[Event "Commonwealth-ch U14 Girls"]
[White "Schonken, Christina"]
[Black "Boramanikar, Tanisha S"]
[Site "New Delhi"]
[Round "1.3"]
[Result "0-1"]
[Date "2019.07.01"]
[WhiteElo "1230"]
[BlackElo "1720"]
[PlyCount "112"]
[EventDate "2019.07.01"]
[EventType "swiss"]
[EventRounds "7"]
[EventCountry "IND"]
[SourceTitle "EXT 2024"]
[Source "ChessBase"]
[SourceDate "2023.10.10"]
[SourceVersion "1"]
[SourceVersionDate "2023.10.10"]
[SourceQuality "1"]

1. c4 Nf6 2. Nc3 e5 3. Nf3 Nc6 4. g3 d5 5. cxd5 Nxd5 6. d3 Be7 7. Bg2 Be6 8. 0-0 0-0 9. Bd2 Nb6 10. a3 f5 11. b4 Bf6 12. Rc1 Rc8 13. b5 Nd4 14. Nxd4 exd4 15. Na4 Bd5 16. Nxb6 axb6 17. Bxd5+ Qxd5 18. a4 Be5 19. Qc2 c6 20. Qc4 Qxc4 21. Rxc4 cxb5 22. axb5 Rxc4 23. dxc4 Ra8 24. Bb4 Ra2 25. Re1 Rc2 26. e3 d3 27. Rd1 Rxc4 28. Ba3 Kf7 29. Rxd3 Ke6 30. Rd1 Ra4 31. f4 Bxf4 32. exf4 Rxa3 33. Rb1 Ra2 34. Re1+ Kf6 35. Re5 g6 36. Rd5 Ke6 37. Re5+ Kd6 38. h3 Rc2 39. Re1 Rd2 40. Rb1 Kc5 41. h4 Rd4 42. Kf2 Rb4 43. Rxb4 Kxb4 44. Ke2 Kxb5 45. Kd2 Kc4 46. Kc2 b5 47. Kd2 b4 48. Kc2 b3+ 49. Kb2 Kb4 50. Kb1 Kc3 51. Kc1 b2+ 52. Kb1 b5 53. h5 gxh5 54. Ka2 Kc2 55. Ka3 b1Q 56. g4 Qb3# 0-1

[Event "RSA-ch U12 Girls"]
[White "Ahjum, Savannah"]
[Black "Schonken, Christina"]
[Site "Gauteng"]
[Round "6"]
[Result "0-1"]
[Date "2017.04.08"]
[WhiteElo "1197"]
[BlackElo "1036"]
[PlyCount "43"]
[EventDate "2017.04.05"]
[EventType "swiss"]
[EventRounds "11"]
[EventCountry "RSA"]
[SourceTitle "CBM 177 Extra"]
[Source "ChessBase"]
[SourceDate "2017.04.27"]
[SourceVersion "1"]
[SourceVersionDate "2017.04.27"]
[SourceQuality "1"]

1. e4 Nc6 2. d4 e6 3. Nc3 Bb4 4. Bd2 Nxd4 5. Nf3 Nc6 6. a3 Bxc3 7. Bxc3 Nf6 8. Bd3 d6 9. Qe2 e5 10. h3 h6 11. 0-0-0 Bd7 12. g4 g5 13. Rhg1 Qe7 14. Nd2 0-0-0 15. Nb3 d5 16. Rge1 Be6 17. Bb5 Nd4 18. Nxd4 exd4 19. Bxd4 dxe4 20. Bxf6 Qxf6 21. Qxe4 Bd5 22. Qd4 0-1

[Event "RSA-ch U12 Girls"]
[White "Datharam, Aarti"]
[Black "Schonken, Christina"]
[Site "Gauteng"]
[Round "7"]
[Result "1-0"]
[Date "2017.04.08"]
[WhiteElo "1248"]
[BlackElo "1036"]
[PlyCount "65"]
[EventDate "2017.04.05"]
[EventType "swiss"]
[EventRounds "11"]
[EventCountry "RSA"]
[SourceTitle "CBM 177 Extra"]
[Source "ChessBase"]
[SourceDate "2017.04.27"]
[SourceVersion "1"]
[SourceVersionDate "2017.04.27"]
[SourceQuality "1"]

1. e4 Nc6 2. d4 d5 3. e5 e6 4. Nc3 Nge7 5. f4 a6 6. Nf3 Nf5 7. a3 g6 8. Be2 Be7 9. 0-0 h5 10. Qd2 h4 11. b3 b6 12. Bb2 Bb7 13. Kf2 f6 14. Ke1 g5 15. fxg5 fxg5 16. Na2 g4 17. Ng1 Bg5 18. Qd3 Qe7 19. Bc1 Bxc1 20. Nxc1 Nfxd4 21. Bxg4 0-0-0 22. Nce2 Nxe2 23. Qxe2 d4 24. Nf3 Rhf8 25. Kf2 Nxe5 26. Qxe5 d3 27. Qxe6+ Qxe6 28. Bxe6+ Kb8 29. cxd3 Rxd3 30. Bc4 Rd6 31. Rad1 Rdf6 32. Kg1 Rg6 33. Nxh4 1-0

[Event "RSA-ch U10 Girls"]
[White "Maasdorp, Anell"]
[Black "Schonken, Christina"]
[Site "Waterkloof"]
[Round "8"]
[Result "1-0"]
[Date "2015.04.08"]
[WhiteElo "1104"]
[BlackElo "1057"]
[PlyCount "73"]
[EventDate "2015.04.04"]
[EventType "swiss"]
[EventRounds "9"]
[EventCountry "RSA"]
[SourceTitle "CBM 166 Extra"]
[Source "ChessBase"]
[SourceDate "2015.06.18"]
[SourceVersion "1"]
[SourceVersionDate "2015.06.18"]
[SourceQuality "1"]

1. e4 c5 2. d4 cxd4 3. Qxd4 Nc6 4. Qa4 Qa5+ 5. Qxa5 Nxa5 6. Nc3 g6 7. Bf4 d6 8. Bb5+ Nc6 9. Nf3 a6 10. Ba4 b5 11. Bb3 Be6 12. Bd5 Bxd5 13. Nxd5 Bg7 14. Nc7+ Kd8 15. Nxa8 Nb4 16. 0-0-0 Nxa2+ 17. Kb1 Nb4 18. Be5 Bxe5 19. Nxe5 Ke8 20. Nc7+ Kf8 21. Nd7+ Kg7 22. Ne8+ Kh6 23. e5 d5 24. c3 Nc6 25. Rxd5 f6 26. exf6 exf6 27. Nexf6 Nxf6 28. Nxf6 Ne7 29. Ng4+ Kg7 30. Rd7 Re8 31. Ne3 Kf8 32. Nd5 Nxd5 33. Rxd5 Re2 34. Rd7 Rxf2 35. Rxh7 Kg8 36. Ra7 Rxg2 37. Rd1 1-0